Oracion funebre que en las solemnes honras que se celebran todos los años en la Santa Iglesia Metropolitana de Mexico a la gloriosa memoria de los difuntos militares que han seguido las triunfantes vanderas españolas, dixo el dia 24 de noviembre de 1791 el Sr. Dr. Don Juan Sarria y Alderete... Racionero de dicha Metropolitana Iglesia. Dala a luz el capitan Don Joseph de Porras... Ayudante del regimiento de dragones de Mexico

Detalles Bibliográficos
Autor principal: Sarria y Alderete, Juan
Formato: Libro
Lenguaje:Undetermined
Spanish
Publicado: Mexico : en la imprenta de Don Felipe de Zúñiga y Ontiveros, 1792.
Materias:
Colección:Banco de datos
Acervo:Biblioteca Palafoxiana. Colección bibliográfica
Descripción Física:[4], 21 p. ; 4°
Tema general:Homilética
Notas:Número de localización: 16733-E Encuadernado con 14 obras
LEADER 00962nam a2200169Ia 4500
008 150723s9999 xx 000 0 und d
041 0 |a spa 
050 0 |a PAFX BV4207 S4 
100 1 |a Sarria y Alderete, Juan 
245 1 0 |a Oracion funebre que en las solemnes honras que se celebran todos los años en la Santa Iglesia Metropolitana de Mexico a la gloriosa memoria de los difuntos militares que han seguido las triunfantes vanderas españolas, dixo el dia 24 de noviembre de 1791 el Sr. Dr. Don Juan Sarria y Alderete... Racionero de dicha Metropolitana Iglesia. Dala a luz el capitan Don Joseph de Porras... Ayudante del regimiento de dragones de Mexico 
260 |a Mexico : en la imprenta de Don Felipe de Zúñiga y Ontiveros, 1792. 
300 |a [4], 21 p. ; 4° 
500 |a Número de localización: 16733-E Encuadernado con 14 obras 
650 1 0 |a Homilética 
942 |c PALALIB 
943 |g Biblioteca Palafoxiana. Colección bibliográfica 
999 |c 1054401  |d 1054401